Statistics for Capital Cities Flag-Shape Quiz

Click here to take the quiz!

General Stats

  • This quiz has been taken 28 times
    (17 since last reset)
  • The average score is 9 of 16

Answer Stats

Answer% Correct
Washington D.C.
92%
Berlin
85%
Greater {London}
77%
Tokyo
69%
Rome
69%
Moscow
62%
Paris
62%
Ottawa
62%
Madrid
54%
Amsterdam
46%
Kiev
46%
Warsaw
46%
Belgrade
46%
Bucharest
38%
Zagreb
38%
Budapest
31%

Score Distribution

Percentile by Number Answered

Percent of People with Each Score

Your Score History

You have not taken this quiz since the last reset